Państwa bez litery E - Statystyki

Ogólne statystyki
  • Ten quiz został rozwiązany 28 razy
  • Średni wynik to 88 z 122
Statystyki odpowiedzi
Państwo % Poprawnych
Brazylia
95%
Kanada
95%
Polska
95%
Afganistan
90%
Australia
90%
Fidżi
90%
Rosja
90%
Urugwaj
90%
Białoruś
85%
Francja
85%
Hiszpania
85%
Maroko
85%
Nauru
85%
Ukraina
85%
Wyspy Marshalla
85%
Arabia Saudyjska
80%
Austria
80%
Boliwia
80%
Chiny
80%
Czad
80%
Dania
80%
Dominika
80%
Dominikana
80%
Holandia
80%
Irak
80%
Iran
80%
Jamajka
80%
Japonia
80%
Kolumbia
80%
Kongo
80%
Kosowo
80%
Litwa
80%
Łotwa
80%
Paragwaj
80%
San Marino
80%
Słowacja
80%
Szwajcaria
80%
Tanzania
80%
Watykan
80%
Włochy
80%
Andora
75%
Angola
75%
Chorwacja
75%
Cypr
75%
Czarnogóra
75%
Dżibuti
75%
Finlandia
75%
Gujana
75%
Honduras
75%
Irlandia
75%
Islandia
75%
Kiribati
75%
Laos
75%
Libia
75%
Madagaskar
75%
Malta
75%
Monako
75%
Oman
75%
Portugalia
75%
Rwanda
75%
Tadżykistan
75%
Tajlandia
75%
Togo
75%
Turcja
75%
Bułgaria
70%
Gruzja
70%
Haiti
70%
Jordania
70%
Kazachstan
70%
Kirgistan
70%
Mauritius
70%
Mołdawia
70%
Nikaragua
70%
Pakistan
70%
Palau
70%
Panama
70%
Rumunia
70%
Samoa
70%
Surinam
70%
Uganda
70%
Vanuatu
70%
Wyspy Salomona
70%
Bahrajn
65%
Burundi
65%
Albania
65%
Gabon
65%
Gambia
65%
Komory
65%
Kuba
65%
Liban
65%
Malawi
65%
Saint Lucia
65%
Somalia
65%
Syria
65%
Tonga
65%
Węgry
65%
Zambia
65%
Bahamy
60%
Botswana
60%
Burkina Faso
60%
Filipiny
60%
Ghana
60%
Katar
60%
Mali
60%
Mongolia
60%
Mozambik
60%
Sri Lanka
60%
Sudan
60%
Sudan Południowy
60%
Timor Wschodni
60%
Trynidad i Tobago
60%
Kostaryka
55%
Namibia
55%
Salwador
55%
Singapur
55%
Tajwan
55%
Antigua i Barbuda
50%
Barbados
50%
Bhutan
50%
Kambodża
50%
Tuvalu
45%
Mjanma
40%
Nie znaleziono quizów pasujących do podanych kryteriów
Rozkład punktacji
Procent ludzi z każdym wynikiem
Percentyl według liczby udzielonych odpowiedzi
Twoja historia wyników
Nie rozwiązałeś tego quizu